Quiz sur la Bretagne - Statistiques

Statistiques générales
  • Ce quiz a été pris 866 fois
  • Le résultat moyen est 13 sur 25
Statistiques - réponses
Questions Réponses % Correct
Combien de département compte la Bretagne ? 4
79%
Comment dit-on "au revoir" en breton ? Kenavo
76%
Quelle duchesse de Bretagne a épousé 2 rois de France ? Anne de Bretagne
75%
Quelle est la préfecture du Finistère ? Quimper
74%
Comment dit-on "Bretagne" en breton ? Breizh
73%
Quel animal est l'emblème de la Bretagne ? L'hermine
71%
Quelle chanteuse bretonne a remportée la star academy en 2002 ? Nolwenn Leroy
70%
Quel festival a lieu tous les ans à Carhaix ? Les Vieilles Charrues
69%
Quel forêt de la légende arthurienne se trouve en Bretagne ? La forêt de Brocéliande
67%
Qu'est ce que le "Gwenn ha Du" ? Le drapeau breton
67%
Où se trouve le château des ducs de Bretagne ? Nantes
65%
Quelle ville accueille traditionnellement le départ de la route du Rhum ? Saint-Malo
65%
Dans quel département se trouve l'ile de Bréhat ? Les Côtes-d'Armor
63%
Quel est l'un des symboles bretons à trois branches ? Triskell
63%
Quelle est la plus grande île bretonne ? Belle-Île-en-Mer
62%
Quelle est la spécialité de Plougastel ? La fraise
59%
Quel festival a lieu tous les ans à Lorient ? Le Festival Interceltique
53%
Quel est le plus grand port de pêche de Bretagne ? Lorient
53%
Quelle ville est célèbre pour ses oignons roses ? Roscoff
46%
Quel célèbre navigateur français est né à Saint-Malo en 1491 ? Jacques Cartier
38%
En quelle année la Bretagne est-elle devenue française ? 1532
19%
Dans quelle ville a échoué l'Amoco Cadiz ? Portsall
11%
Qui est le saint patron de la Bretagne ? Saint-Yves
10%
Quel est le point culminant de Bretagne ? Roc'h Ruz
7%
Qui est le président du conseil régional de Bretagne ? Loig Chesnais Girard
6%
Aucun quiz correspondant
Distribution des résultats
% des personnes avec chaque résultat
Percentile par nombre de réponses
Votre historique - résultats
Vous n’avez pas pris ce quiz